Central Library OPAC University of Rajshahi

Laboratory studies in geology / (Record no. 67701)

MARC details
000 -LEADER
fixed length control field 00783nam a2200253 a 4500
001 - CONTROL NUMBER
control field 67701
003 - CONTROL NUMBER IDENTIFIER
rucl marc code BD-RjUL
005 - DATE AND TIME OF LATEST TRANSACTION
control field 20211209081702.0
008 - FIXED-LENGTH DATA ELEMENTS--GENERAL INFORMATION
fixed length control field 000829s1966 cauab 000 0 eng d
035 ## - SYSTEM CONTROL NUMBER
System control number (BD-RjUL)67910
040 ## - CATALOGING SOURCE
Original cataloging agency MtU
Transcribing agency WaOLN
Modifying agency CStRLIN
-- BD-RjUL
Language of cataloging eng
041 ## - LANGUAGE CODE
Language code of text/sound track or separate title eng
082 ## - DEWEY DECIMAL CLASSIFICATION NUMBER
Edition number 23
Classification number 551
Author mark and year MIL 1966
100 1# - MAIN ENTRY--PERSONAL NAME
Personal name Miller, John P.
Fuller form of name (John Preston),
Dates associated with a name 1923-1961.
9 (RLIN) 200718
245 10 - TITLE STATEMENT
Title Laboratory studies in geology /
Statement of responsibility, etc. John P. Miller [and] Robert Scholten.
250 ## - EDITION STATEMENT
Edition statement [Rev. ed.]
260 ## - PUBLICATION, DISTRIBUTION, ETC. (IMPRINT)
Place of publication, distribution, etc. Francisco :
Name of publisher, distributor, etc. W.H. Freeman,
Date of publication, distribution, etc. c1966
300 ## - PHYSICAL DESCRIPTION
Pagination 192 p. :
Illustrations ill. ;
Size 29 cm.
490 0# - SERIES STATEMENT
Series statement Series of books in geology
650 #0 - SUBJECT ADDED ENTRY--TOPICAL TERM
Topical term or geographic name as entry element Geology
9 (RLIN) 200719
700 1# - ADDED ENTRY--PERSONAL NAME
Personal name Scholten, Robert,
Dates associated with a name 1923-
830 ## - SERIES ADDED ENTRY--UNIFORM TITLE
Uniform title Series of books in geology
942 ## - ADDED ENTRY ELEMENTS (KOHA)
Source of classification or shelving scheme Dewey Decimal Classification
Koha item type Books
Holdings
Lost status Source of classification or shelving scheme Damaged status Not for loan Collection code Permanent Location Current Location Shelving location Date acquired Source of acquisition Cost, normal purchase price Total Checkouts Full call number Date last seen Copy number Koha item type
  Dewey Decimal Classification   Not For Loan Non-fiction Central Library, University of Rajshahi Central Library, University of Rajshahi Reading Room 25/11/1967 Zetliner 26.00   551 MIL 1966 28/03/2017 C-1 Books
  Dewey Decimal Classification     Non-fiction Central Library, University of Rajshahi Central Library, University of Rajshahi   25/11/1967 Zeitlinger 26.00   551 MIL 1966 02/04/2019 C-2 Books